| 000 | 02259cam a22004574i 4500 | ||
|---|---|---|---|
| 003 | PE-LiUPU | ||
| 005 | 20250731183333.0 | ||
| 008 | 141007s2011 sp a r 000 0 spa d | ||
| 020 | _a8499367232 | ||
| 020 | _a9788499367231 | ||
| 035 | _a(Sirsi) i9788499367231 | ||
| 040 |
_aPE-LiUPU _bspa _cPE-LiUPU _erda |
||
| 049 | _aPRUA | ||
| 082 | 0 | 4 |
_a712 _bA8 |
| 245 | 0 | 0 |
_aAtlas de arquitectura del paisaje / _ccoordinador del proyecto y editor Alex Sánchez Vidiella ; textos Mar Armengol [y otros] ; editoras Montse Borràs, Esther Moreno. |
| 250 | _a2a edición revisada y actualizada. | ||
| 264 | 1 |
_aEspaña : _bLOFT, _c2011. |
|
| 300 |
_a600 páginas : _bilustraciones ; _c29 centímetros |
||
| 336 |
_atext _2rdacontent |
||
| 337 |
_aunmediated _2rdamedia |
||
| 338 |
_avolume _2rdacarrier |
||
| 505 | 0 | _aIntervenciones a gran escala -- Arquitecturas del paisaje en agua -- Intervenciones urbanas -- Plazas -- Espacios cerrados no residenciales -- Espacios redidenciales. | |
| 526 | _aP158 | ||
| 526 | _aP146 | ||
| 526 | _aP17 | ||
| 526 | _aP12 | ||
| 526 | _aP06 | ||
| 650 | 1 | 4 | _aArquitectura de jardines. |
| 650 | 1 | 4 |
_aArquitectura del paisaje _vAtlas. |
| 910 | _apeb | ||
| 910 |
_adbm _bncf _cncf _d20190415 |
||
| 942 |
_2ddc _cBOOK |
||
| 949 |
_a712 S21 _wDEWEY _c1 _i69415 _d2016-6-16 _e2016-6-12 _lCCODEBUL1 _mBUL _n8 _p93.00 _r0 _sY _tBOOK _u2015-7-6 _xINGENIERIA _PP06 _0COMPRA _o.STAFF. Colección Ingerniería y Arquitectura |
||
| 949 |
_a712 S21 _wDEWEY _c2 _i70509 _d2016-9-27 _e2016-9-25 _lCCODEBUL1 _mBUL _n6 _p93.00 _r0 _sY _tBOOK _u2015-7-6 _xINGENIERIA _PP06 _0COMPRA _o.STAFF. Colección Ingerniería y Arquitectura |
||
| 994 |
_aC0 _bPEPRU |
||
| 596 | _a1 | ||
| 999 |
_a712 A8 _wDEWEY _c5999 _i69415 _d5999 _e2019-11-23 _f2021-11-9 _g7 _lCCODEBUL1 _mBUL _n16 _p93.00 _q4 _r0 _sY _tBOOK _u2015-7-6 _xINGENIERIA _PP06 _0COMPRA _o.STAFF. Colección Ingeniería y Arquitectura |
||
| 999 |
_a712 A8 _wDEWEY _c2 _i70509 _d2019-11-24 _e2019-11-20 _f2021-11-9 _g7 _lCCODEBUL1 _mBUL _n13 _p93.00 _q6 _r0 _sY _tBOOK _u2015-7-6 _xINGENIERIA _PP06 _0COMPRA _o.STAFF. Colección Ingeniería y Aquitectura |
||
| 980 |
_81 _gALBERTO SANCHEZ Responsable de Automatización |
||